| 000 | 01039cam a22002655a 4500 | ||
|---|---|---|---|
| 001 | L158602 | ||
| 008 | 130129s2015 xxk f 000 0 eng d | ||
| 020 | _a9781848064195 | ||
| 035 | _a(Sirsi) u158602 | ||
| 041 | 0 | _aeng | |
| 100 | 1 | _aDoran, Daniel | |
| 245 | 0 | 0 |
_aBuilding information modeling life cycle assessment _bAn introduction to IMPACT |
| 260 |
_aWatford _bBRE _c2015 |
||
| 300 |
_a6p. _bill. _c30cm. |
||
| 490 | 0 |
_aBRE Information Paper _v(5/15) |
|
| 520 | _aFocuses on the environmental aspects of IMPACT: a method designed for buiding-level life cycle assessment (LCA) and life cycle costing. It begins by introducing embodied impacts and how they are measured using LCA. This is followed by a review of the key themes and advantages of building-level LCA, integration in BIM and BREEAM. | ||
| 521 | _aAdvanced | ||
| 590 | _aKA | ||
| 650 | 2 | 4 | _aLIFE CYCLE ASSESSMENT |
| 650 | 2 | 4 | _aLIFE CYCLE COSTING |
| 650 | 2 | 4 |
_aBIM _96219 |
| 651 | 4 | _aENGLAND AND WALES | |
| 690 |
_aConstruction management _96230 |
||
| 942 | _n0 | ||
| 999 |
_c115411 _d115411 |
||